[Event "Titled Tue 24th Jun Early"]
[Site "chess.com INT"]
[Date "2025.06.24"]
[Round "6"]
[White "Smirnov, Alexandr A."]
[Black "Sturt, Raven"]
[Result "1-0"]
[WhiteTitle "FM"]
[BlackTitle "GM"]
[WhiteElo "2136"]
[BlackElo "2459"]
[WhiteFideId "24104396"]
[BlackFideId "2007304"]
[EventDate "2025.06.24"]

1. e4 e5 2. Nf3 Nc6 3. Bc4 Nf6 4. d4 exd4 5. e5 d5 6. exf6 dxc4 7. O-O Be6 8. c3
d3 9. b3 Qxf6 10. bxc4 Qg6 11. Bf4 O-O-O 12. Nbd2 Bc5 13. Rb1 f6 14. Qa4 Qe8 15.
Rfe1 g5 16. Bg3 Qd7 17. Ne4 Be7 18. Nd4 a6 19. Nxc6 Qxc6 20. Qxc6 bxc6 21. Nxg5
d2 22. Nxe6 dxe1=Q+ 23. Rxe1 Rd3 24. Nxc7 Bd6 25. Bxd6 Rxd6 26. Nxa6 Rhd8 27.
Nb4 Rd1 28. Kf1 Rxe1+ 29. Kxe1 Kb7 30. Ke2 Kb6 31. g4 Kc5 32. h4 Rd6 33. f4 Kxc4
34. Ke3 Kxc3 35. Na6 Kc4 36. Ke4 c5 37. Nc7 Kb4 38. Nd5+ Ka3 39. g5 fxg5 40.
hxg5 c4 41. f5 Kxa2 42. f6 Rd7 43. Ne3 Kb3 44. Kf5 c3 45. g6 hxg6+ 46. Kxg6 Rd3
47. f7 Rxe3 48. f8=Q c2 49. Qb8+ Kc3 50. Qh8+ Kd2 51. Qd4+ Rd3 52. Qb2 Kd1 53.
Qb5 Rg3+ 54. Kf5 c1=Q 55. Qf1+ 1-0

[Event "Titled Tue 24th Jun Early"]
[Site "chess.com INT"]
[Date "2025.06.24"]
[Round "6"]
[White "De Boer, Eelke"]
[Black "Yang, Larry"]
[Result "1-0"]
[WhiteTitle "IM"]
[WhiteElo "2409"]
[BlackElo "2017"]
[WhiteFideId "1048120"]
[BlackFideId "2637618"]
[EventDate "2025.06.24"]

1. e4 c5 2. Nf3 Nc6 3. Bb5 d6 4. O-O Bd7 5. Re1 a6 6. Bxc6 Bxc6 7. d4 cxd4 8.
Nxd4 Rc8 9. c4 g6 10. Nc3 Bg7 11. b3 Nf6 12. Bb2 O-O 13. Nd5 Nd7 14. Qd2 e6 15.
Nxc6 Rxc6 16. Bxg7 Kxg7 17. Nb4 Rb6 18. Rad1 Qe7 19. Nd3 f6 20. Nf4 g5 21. Nh5+
Kg6 22. Ng3 h5 23. f4 h4 24. f5+ Kg7 25. Nf1 Ne5 26. Ne3 h3 27. fxe6 Qxe6 28.
Nf5+ Kg6 29. Qf2 Rc6 30. Nd4 Qg4 31. Qf5+ Qxf5 32. exf5+ Kh5 33. Nxc6 bxc6 34.
Rxd6 hxg2 35. Kxg2 Kg4 36. Rf1 a5 37. Rd4+ Kh5 38. Kg3 a4 39. b4 Rb8 40. a3 c5
41. bxc5 Rb3+ 42. Kg2 Ng4 43. Re1 Ne3+ 44. Kh1 Nxf5 45. Rd5 Nh4 46. c6 Rb2 47.
Rf1 Rc2 48. Rc5 Rd2 49. c7 Nf3 50. Rxf3 Kg4 51. Rg3+ Kf4 52. c8=Q Rd1+ 53. Rg1
Rd2 54. Qc7+ Ke3 55. Qg3+ Ke2 56. Rg2+ Kd1 57. Rxd2+ Kxd2 58. Rd5+ Ke2 59. Qd3+
Kf2 60. c5 g4 61. Qg3+ Ke2 62. Qg2+ Ke3 63. Rd1 Kf4 64. Rf1+ Kg5 65. Qd2+ Kh4
66. Qf2+ Kh5 67. Qf5+ Kh6 68. Qxg4 Kh7 69. Rxf6 Kh8 70. c6 Kh7 71. c7 Kh8 72.
Rh6# 1-0

[Event "Titled Tue 24th Jun Early"]
[Site "chess.com INT"]
[Date "2025.06.24"]
[Round "6"]
[White "Rahmilevitz, Anton"]
[Black "Beyer, Lorenz"]
[Result "1/2-1/2"]
[BlackTitle "CM"]
[WhiteElo "2243"]
[BlackElo "2226"]
[WhiteFideId "2809699"]
[BlackFideId "16245393"]
[EventDate "2025.06.24"]

1. e4 e6 2. d3 d5 3. Qe2 dxe4 4. dxe4 e5 5. c3 Nf6 6. Bg5 h6 7. Bh4 Be7 8. Qc2
Be6 9. Nd2 c6 10. Ngf3 Qc7 11. Bg3 Nbd7 12. Be2 Nh5 13. O-O Nxg3 14. hxg3 O-O
15. Nc4 a5 16. Ne3 g6 17. Rad1 Bf6 18. Qc1 Bg7 19. Bc4 Nc5 20. Bxe6 Nxe6 21. Ng4
h5 22. Ne3 Rfd8 23. Qc2 Bh6 24. Nc4 Bg7 25. Rxd8+ Rxd8 26. Rd1 b5 27. Ne3 Bh6
28. Nf1 Rxd1 29. Qxd1 Bf8 30. Qd2 Bc5 31. Ne3 Bxe3 32. Qxe3 Qd6 33. Kh2 a4 34.
Qa7 Kg7 35. Qa8 Nc5 36. Qe8 Nxe4 37. Nxe5 Qe6 38. Qxe6 fxe6 39. f3 Nf2 40. Nxc6
Nd1 41. Nd4 Kf6 42. Nxb5 Nxb2 43. Kg1 Ke5 44. Kf2 Kd5 45. Nc7+ Kd6 46. Ne8+ Kc5
47. Ke3 Nd1+ 48. Kd2 Nb2 49. Kc2 Nc4 50. Nf6 Ne3+ 51. Kd3 Nxg2 52. Ne4+ Kb5 53.
Ke2 h4 54. Kf2 h3 55. Ng5 Kc4 56. Nxh3 Kxc3 57. Kxg2 Kb2 58. Nf4 Kxa2 59. Nd3
Kb1 60. Nb4 Kb2 61. f4 Kb3 62. Nd3 a3 63. Kf3 Kc3 64. Nc1 Kc2 65. Na2 Kb2 66.
Nb4 Kb3 67. Nd3 Kc2 68. Nb4+ Kb3 69. Nd3 1/2-1/2

[Event "Titled Tue 24th Jun Early"]
[Site "chess.com INT"]
[Date "2025.06.24"]
[Round "6"]
[White "Laddha, Shubh Jayesh"]
[Black "Huh, Isaak"]
[Result "1-0"]
[WhiteTitle "FM"]
[BlackTitle "CM"]
[WhiteElo "2303"]
[BlackElo "2139"]
[WhiteFideId "30942799"]
[BlackFideId "13209590"]
[EventDate "2025.06.24"]

1. d4 d5 2. Nc3 Nc6 3. Bf4 a6 4. e4 dxe4 5. d5 e5 6. Be3 Nd4 7. Bxd4 exd4 8.
Qxd4 Nf6 9. O-O-O Be7 10. f3 exf3 11. Nxf3 O-O 12. Bc4 Bf5 13. Bb3 Bg6 14. Kb1
b5 15. g4 Rc8 16. h4 h5 17. g5 Ng4 18. Ne2 c5 19. dxc6 Qxd4 20. Nexd4 Nf2 21.
Ne5 Kh7 22. Rhf1 Nxd1 23. Rxd1 Bd6 24. Nxg6 fxg6 25. c3 Bg3 26. Ne6 Rg8 27. Bd5
Bxh4 28. Be4 Bg3 29. Rh1 h4 30. Nf4 Rge8 31. Bxg6+ Kg8 32. Bxe8 Rxe8 33. Ng6 Re6
34. Nxh4 Bxh4 35. Rxh4 Rxc6 36. a4 Rg6 37. Rg4 Kf7 38. Ka2 Ke6 39. axb5 axb5 40.
Kb3 Kf5 41. Rb4 Rb6 42. Kc2 Kxg5 43. c4 Rc6 44. Rxb5+ Kf4 45. Kd3 g5 46. Rb8 g4
47. Rf8+ Kg3 48. b4 Rc7 49. b5 Rg7 50. b6 Kh2 51. Rh8+ Kg1 52. c5 g3 53. Kc4 g2
54. Kb5 Kf1 55. Rf8+ Ke2 56. Re8+ Kd2 57. c6 g1=Q 58. c7 Qf1+ 59. Kc6 Qf3+ 60.
Kb5 Rg5+ 61. Ka6 Qd3+ 62. Kb7 Qd5+ 63. Kb8 Rg8 64. Rxg8 Qxg8+ 65. c8=Q Qd5 66.
b7 Qd6+ 67. Qc7 Qf8+ 68. Ka7 Qa3+ 69. Kb6 Qb4+ 70. Kc6 Qc4+ 71. Kd7 Qf7+ 72. Kc8
Qf5+ 73. Qd7+ 1-0

[Event "Titled Tue 24th Jun Early"]
[Site "chess.com INT"]
[Date "2025.06.24"]
[Round "6"]
[White "Stojanovski, Sandi"]
[Black "Medina, VInce Angelo"]
[Result "0-1"]
[WhiteTitle "FM"]
[WhiteElo "2169"]
[BlackElo "2138"]
[WhiteFideId "1403249"]
[BlackFideId "5205069"]
[EventDate "2025.06.24"]

1. d3 d5 2. Nf3 Bg4 3. g3 Bxf3 4. exf3 c6 5. f4 e6 6. Nd2 g6 7. Nf3 Nd7 8. c3 h5
9. h4 Bg7 10. Bh3 Ne7 11. Qe2 O-O 12. O-O Nf5 13. Ne5 Qc7 14. Re1 Rae8 15. Bd2
Kh7 16. Rad1 f6 17. Nxd7 Qxd7 18. d4 Qf7 19. Qd3 Nd6 20. f3 Nf5 21. Kh2 Kh8 22.
Re2 Re7 23. Rde1 Rfe8 24. b3 Bh6 25. Be3 a6 26. Bf2 Ng7 27. c4 Rd8 28. c5 Rg8
29. b4 Nf5 30. a4 Ng7 31. b5 axb5 32. axb5 Ra8 33. Rb1 Kh7 34. bxc6 bxc6 35. Rb6
Rc7 36. Qb3 Qd7 37. Rb2 Ra1 38. Rb7 Ra7 39. Rb8 Rc8 40. Qb6 Rxb8 41. Qxb8 g5 42.
fxg5 fxg5 43. hxg5 Bxg5 44. f4 Bf6 45. Qf8 Kg6 46. Kg2 Rb7 47. Rxb7 Qxb7 48. Qd6
Qb1 49. Qxc6 Qe4+ 50. Kh2 Qe2 51. Kg1 Qd1+ 52. Kg2 Qe2 53. Kg1 Qe4 54. Qd6 Bxd4
55. Bxd4 Qxd4+ 56. Kh2 Qf2+ 57. Bg2 h4 58. gxh4 Qxh4+ 59. Kg1 Qe1+ 60. Kh2 Nf5
61. Qe5 Qg3+ 62. Kg1 Kf7 63. Qc7+ Kg6 64. Qe5 Ng7 65. Qg5+ Qxg5 66. fxg5 Kxg5
67. Kf2 Kf4 68. Bh3 Ke5 69. c6 Ne8 70. Ke3 Nc7 71. Kd3 Kd6 72. Kd4 e5+ 0-1

[Event "Titled Tue 24th Jun Early"]
[Site "chess.com INT"]
[Date "2025.06.24"]
[Round "6"]
[White "Arnav, Maheshwari"]
[Black "Shimanov, Aleksandr"]
[Result "0-1"]
[WhiteTitle "FM"]
[BlackTitle "GM"]
[WhiteElo "2295"]
[BlackElo "2578"]
[WhiteFideId "25660357"]
[BlackFideId "4198603"]
[EventDate "2025.06.24"]

1. b3 e5 2. Bb2 Nc6 3. Nf3 e4 4. Nd4 Nge7 5. e3 Nxd4 6. exd4 Nf5 7. d5 Bc5 8.
Qg4 d6 9. Qxe4+ Kf8 10. Bd3 Qg5 11. O-O Bd7 12. Qf3 h5 13. Nc3 Qg4 14. Qxg4 hxg4
15. Ne4 Bb6 16. Ng3 Nxg3 17. hxg3 Rh5 18. c4 f6 19. Bg6 Rh6 20. Bc2 Kf7 21. d4
Rah8 22. f4 gxf3 23. Rxf3 c5 24. dxc6 Bxc6 25. Re3 Rh1+ 26. Kf2 R8h2 27. Be4
Rxa1 28. Bxa1 Rh1 29. Bc3 Rc1 30. Bxc6 bxc6 31. Kf3 d5 32. c5 Bc7 33. Rd3 f5 34.
Bd2 Rc2 35. a4 Bd8 36. Bf4 g5 37. Bb8 g4+ 38. Kf4 Kg6 39. Ke5 Rxg2 40. Kd6 f4
41. gxf4 Kf5 42. Kxc6 g3 43. Kxd5 Rg1 44. c6 g2 45. Rg3 Bh4 46. Rg6 Kxg6 47. c7
Rc1 48. c8=Q Rxc8 49. f5+ Kxf5 50. Bh2 Bf2 51. Kd6 Bxd4 52. Kd7 Rh8 53. Kc6 Rxh2
54. Kb7 g1=Q 55. b4 Qg7+ 56. Ka6 Qf6+ 57. Kb5 Qb6+ 58. Kc4 Rc2+ 59. Kd3 Rc3+ 60.
Kd2 Qxb4 61. a5 Qb2+ 62. Kd1 0-1

[Event "Titled Tue 24th Jun Early"]
[Site "chess.com INT"]
[Date "2025.06.24"]
[Round "6"]
[White "Donchenko, Alexander"]
[Black "Krsnik Cohar, Ivan Vihor"]
[Result "1-0"]
[WhiteTitle "GM"]
[BlackTitle "FM"]
[WhiteElo "2613"]
[BlackElo "2362"]
[WhiteFideId "24603295"]
[BlackFideId "14520044"]
[EventDate "2025.06.24"]

1. d4 d5 2. c4 Bf5 3. cxd5 Bxb1 4. Qa4+ c6 5. dxc6 Nxc6 6. Rxb1 e5 7. Bd2 exd4
8. Nf3 Ne7 9. g3 g6 10. Bg2 Bg7 11. O-O O-O 12. Rfd1 a6 13. e3 dxe3 14. Bxe3 Qc7
15. Bf4 Qb6 16. Rd7 Rac8 17. Be3 Qb5 18. Qxb5 axb5 19. Rxb7 Rb8 20. Rxb8 Rxb8
21. Ng5 Ne5 22. b3 h6 23. Ne4 Nd5 24. Bc5 b4 25. Rd1 Nc3 26. Rd2 f5 27. Nd6 Nb1
28. Rc2 Nd3 29. Ba7 Rd8 30. Nb7 Rd7 31. Bc6 Re7 32. Bd5+ Kh7 33. Rc8 Bf6 34. Be3
Nc3 35. Bg8+ Kg7 36. Nd6 Be5 37. Nc4 Bf6 38. h4 g5 39. hxg5 hxg5 40. Nd6 f4 41.
Nf5+ Kg6 42. Nxe7+ Bxe7 43. gxf4 gxf4 44. Bd2 Bf6 45. Rc7 Ne5 46. Bh7+ Kh6 47.
Bc2 Nf3+ 48. Kg2 Nxd2 49. Rb7 Nxa2 50. Rb6 Kg5 51. Rb5+ Kh6 52. Rf5 Kg7 53. Rxf4
Nc3 54. Rxb4 Nd5 55. Rb7+ Kf8 56. b4 Nf4+ 57. Kg3 Ne6 58. b5 Be5+ 59. Kg2 Nc4
60. Bf5 Nd6 61. Rb8+ Ke7 62. Bxe6 Kxe6 63. b6 Nf5 64. Re8+ Kf6 65. Rxe5 Kxe5 66.
b7 Ke4 67. b8=Q Nd4 68. Qb4 1-0

[Event "Titled Tue 24th Jun Early"]
[Site "chess.com INT"]
[Date "2025.06.24"]
[Round "6"]
[White "Arya G Mallar"]
[Black "Bezuch, Martin"]
[Result "0-1"]
[WhiteTitle "WCM"]
[BlackTitle "FM"]
[WhiteElo "2000"]
[BlackElo "2238"]
[WhiteFideId "25115324"]
[BlackFideId "14906333"]
[EventDate "2025.06.24"]

1. d4 g6 2. c4 Bg7 3. Nf3 d6 4. Nc3 Nf6 5. g3 O-O 6. Bg2 c6 7. e4 Nbd7 8. O-O e5
9. h3 exd4 10. Nxd4 Re8 11. Re1 Nc5 12. Bf4 Nh5 13. Be3 Qc7 14. Qd2 Be6 15. Nxe6
Rxe6 16. Rad1 Rae8 17. g4 Nf6 18. Bf4 Nfxe4 19. Nxe4 Nxe4 20. Bxe4 Rxe4 21. Rxe4
Rxe4 22. Bxd6 Qd8 23. c5 Qh4 24. Kg2 Qf6 25. Qc2 Re6 26. Qa4 h5 27. Qxa7 hxg4
28. Qb8+ Kh7 29. hxg4 Re2 30. Rh1+ Bh6 31. Bf4 g5 32. Bg3 Qe6 33. Qxb7 Qe4+ 34.
Kh2 Qd5 35. Rf1 Bf8 36. Qc8 Bxc5 37. Qf5+ Qxf5 38. gxf5 Rxb2 39. Rc1 Bxf2 40.
Bxf2 Rxf2+ 41. Kg3 Rxf5 42. Rxc6 f6 43. Kg4 Kg6 44. a4 Rf4+ 45. Kg3 Rxa4 46. Rc8
Ra3+ 47. Kg2 g4 48. Rg8+ Kf5 49. Rg7 Kf4 50. Rg6 Ra2+ 51. Kg1 f5 52. Rf6 g3 53.
Kf1 Kg5 54. Rf7 f4 55. Rf8 Kg4 56. Rg8+ Kf3 57. Ke1 g2 58. Kd1 g1=Q+ 59. Rxg1
Ra1+ 60. Kc2 Rxg1 0-1

[Event "Titled Tue 24th Jun Early"]
[Site "chess.com INT"]
[Date "2025.06.24"]
[Round "6"]
[White "Rustemov, Alexander"]
[Black "Nitish, Belurkar"]
[Result "1/2-1/2"]
[WhiteTitle "GM"]
[BlackTitle "IM"]
[WhiteElo "2525"]
[BlackElo "2454"]
[WhiteFideId "4119002"]
[BlackFideId "5084768"]
[EventDate "2025.06.24"]

1. d4 Nf6 2. c4 g6 3. Nf3 Bg7 4. g3 O-O 5. Bg2 d6 6. Nc3 Nbd7 7. O-O e5 8. e4
Re8 9. h3 exd4 10. Nxd4 Nc5 11. Re1 a5 12. Bf4 h6 13. Qc2 Bd7 14. Rad1 Qc8 15.
Kh2 h5 16. b3 Nh7 17. Nd5 Bxd4 18. Rxd4 Ne6 19. Rd2 Nxf4 20. Nxf4 Bc6 21. Rde2
h4 22. gxh4 Qd8 23. Qc3 Qxh4 24. Qg3 Qf6 25. h4 Kh8 26. Nh3 Re5 27. f4 Rh5 28.
Ng5 Nxg5 29. fxg5 Qe5 30. Qxe5+ dxe5 31. Kg3 Kg7 32. Bf3 Rhh8 33. Rd2 Kf8 34.
Red1 Ke7 35. a3 b6 36. Rd3 f6 37. gxf6+ Kxf6 38. b4 axb4 39. axb4 Rh7 40. b5 Be8
41. Rf1 Ke7 42. Rd5 Bf7 43. Rxe5+ Kd6 44. Rg5 Ra3 45. e5+ Ke7 46. Rc1 Rh8 47. e6
Kxe6 48. Re1+ Kf6 49. Re4 Be6 50. Rf4+ Bf5 51. Kf2 Rxh4 52. Rgxf5+ gxf5 53. Rxh4
Ke5 54. Rh7 Kf4 55. Be2 Rh3 56. Rxc7 Rh2+ 57. Ke1 Ke3 58. Re7+ Kd4 59. Rf7 Ke4
60. Kd2 f4 61. Rf6 Rg2 62. Rxb6 f3 63. Re6+ Kd4 64. b6 fxe2 65. Rxe2 Rg6 66. Re8
Rxb6 67. Rc8 Rb4 68. Kc2 Rxc4+ 69. Rxc4+ Kxc4 1/2-1/2

[Event "Titled Tue 24th Jun Early"]
[Site "chess.com INT"]
[Date "2025.06.24"]
[Round "6"]
[White "Sayce, Hannah"]
[Black "Essing, Arnold"]
[Result "0-1"]
[WhiteTitle "WCM"]
[BlackTitle "FM"]
[WhiteElo "1877"]
[BlackElo "2197"]
[WhiteFideId "3250695"]
[BlackFideId "4619862"]
[EventDate "2025.06.24"]

1. e4 Nf6 2. e5 Nd5 3. d4 d6 4. c4 Nb6 5. f4 dxe5 6. fxe5 c5 7. d5 e6 8. Nc3
exd5 9. cxd5 Qh4+ 10. g3 Qd4 11. Qxd4 cxd4 12. Nb5 Nxd5 13. Bg2 a6 14. Bxd5 axb5
15. Nf3 Bb4+ 16. Kf2 Nc6 17. Bf4 O-O 18. a3 Ba5 19. h3 Be6 20. Bxc6 bxc6 21.
Nxd4 Bd5 22. Rhe1 Bb6 23. Be3 Rfe8 24. Nf3 Bc7 25. Bf4 h6 26. h4 Re7 27. Nd4
Rae8 28. Nf5 Re6 29. Nd6 Ra8 30. Rad1 f6 31. Nf5 Bxe5 32. Bxe5 fxe5 33. Ne3 Rf8+
34. Kg1 Rd8 35. Rd2 Red6 36. Red1 R6d7 37. Nf5 h5 38. Ne3 g6 39. Kf2 Kg7 40. Ke2
e4 41. Ke1 Kf6 42. Nc2 Ke5 43. Nd4 Rf8 44. Re2 Rdf7 45. Kd2 Rf2 46. Re1 Rxe2+
47. Rxe2 Rf1 48. Nc2 Rb1 49. Kc3 Rg1 50. Rd2 Rxg3+ 51. Kb4 Rb3+ 52. Kc5 Rxb2 53.
Kb6 e3 54. Re2 Kf4 55. Kc5 Kf3 56. Rxe3+ Kf4 57. Rc3 Kg4 58. Nb4 Kxh4 59. Nxd5
cxd5 60. Kxd5 Ra2 61. Kc5 Rb2 62. Rd3 g5 63. Rd4+ g4 64. Rb4 Rxb4 65. Kxb4 g3
66. Kxb5 g2 67. a4 g1=Q 68. a5 Qa7 69. a6 Qxa6+ 70. Kxa6 Kg3 71. Kb6 h4 72. Kc5
h3 73. Kc4 h2 74. Kd3 h1=Q 75. Ke2 Qf3+ 0-1

[Event "Titled Tue 24th Jun Early"]
[Site "chess.com INT"]
[Date "2025.06.24"]
[Round "6"]
[White "Weetik, Vjacheslav"]
[Black "Boci, Mateu"]
[Result "1/2-1/2"]
[WhiteTitle "FM"]
[BlackTitle "FM"]
[WhiteElo "2423"]
[BlackElo "2274"]
[WhiteFideId "4153472"]
[BlackFideId "4704665"]
[EventDate "2025.06.24"]

1. Nf3 d5 2. g3 Nf6 3. Bg2 Bg4 4. h3 Bh5 5. c4 c6 6. Qb3 Qb6 7. d3 Nbd7 8. Be3
Qxb3 9. axb3 a6 10. Bd4 Bxf3 11. Bxf3 e5 12. Bc3 Bd6 13. b4 O-O-O 14. Na3 Rhe8
15. e4 dxe4 16. dxe4 Bc7 17. c5 Nf8 18. Nc4 Ng6 19. O-O h5 20. h4 Ng4 21. Bxg4+
hxg4 22. Ne3 Rd3 23. Rfd1 Red8 24. Rxd3 Rxd3 25. Kf1 Nf8 26. Ke2 Rd8 27. Nxg4 f6
28. Rd1 Ne6 29. h5 Rxd1 30. Kxd1 Bd8 31. Ke2 Kd7 32. Ke3 b6 33. cxb6 Bxb6+ 34.
Ke2 Ke7 35. f3 Nc7 36. f4 exf4 37. gxf4 Ne6 38. Kf3 Nd4+ 39. Kg2 Ne6 40. Kg3 Bc7
41. e5 Kf7 42. exf6 Nxf4 43. fxg7 Nxh5+ 44. Kf3 Nxg7 45. Bxg7 Kxg7 46. Ke4 Kf7
47. Kd4 Bb6+ 48. Kc4 Ke6 49. Nh2 Kf5 50. Nf3 Ke4 51. Nd2+ Ke5 52. Nb3 Kd6 53.
Nc1 Be3 54. Nd3 Bh6 55. b3 Kc7 56. Nc5 Kb6 57. Nd7+ Ka7 58. Ne5 Kb7 59. Nf7 Bf8
60. Nd8+ Kb6 61. Ne6 Be7 62. Nd4 Kc7 63. Nf5 Bf6 64. Ng3 Be5 65. Ne4 Bf4 66. Nc5
Kb6 67. Nd7+ Kc7 68. Nc5 Kb6 69. Ne6 Bd6 70. Nd4 Be5 71. Nf3 Bf6 72. Nd2 Bg5 73.
Ne4 Bh6 74. Nf6 Bf4 75. Nd7+ Kc7 76. Nc5 1/2-1/2

[Event "Titled Tue 24th Jun Early"]
[Site "chess.com INT"]
[Date "2025.06.24"]
[Round "6"]
[White "Terletsky, Oleg"]
[Black "Do Nascimento, Davi Alves"]
[Result "1-0"]
[WhiteTitle "IM"]
[BlackTitle "CM"]
[WhiteElo "2160"]
[BlackElo "2054"]
[WhiteFideId "14116774"]
[BlackFideId "2192950"]
[EventDate "2025.06.24"]

1. e4 e5 2. Nf3 Nf6 3. Nc3 Nc6 4. d4 exd4 5. Nxd4 Bb4 6. Nxc6 bxc6 7. Bd3 O-O 8.
O-O d5 9. exd5 cxd5 10. Bg5 c6 11. Qf3 Be7 12. Rae1 Be6 13. h3 Rb8 14. Nd1 Qb6
15. c3 Kh8 16. Re2 Qb7 17. Rfe1 Ng8 18. Bf4 Rbd8 19. Qh5 g6 20. Qf3 Bf6 21. Be5
Kg7 22. b3 a5 23. Qg3 Qc8 24. Ne3 Bxe5 25. Qxe5+ f6 26. Qf4 Bf7 27. Ng4 Rde8 28.
Qd6 Rd8 29. Qc5 h5 30. Nh2 Qc7 31. Nf3 Qd6 32. Qxa5 Ra8 33. Qb6 Rfb8 34. Qd4 c5
35. Qh4 c4 36. bxc4 dxc4 37. Be4 Ra7 38. Nd4 Rc8 39. Bb1 Re7 40. Rxe7 Nxe7 41.
Qg3 Qxg3 42. fxg3 Nd5 43. Rc1 Rb8 44. Be4 Ne7 45. a4 f5 46. Bf3 Rb2 47. Ra1 Nc8
48. a5 Na7 49. a6 Be8 50. h4 Kf6 51. Ra5 Rb6 52. Kf2 Bd7 53. Ke3 Ke7 54. Kf4 Kd8
55. Kg5 Kc7 56. Bb7 Be8 57. Rc5+ Kd6 58. Rxc4 Bd7 59. Rb4 Kc5 60. Rxb6 Kxb6 61.
Nf3 Be8 62. Ne5 Nb5 63. Nxg6 Bxg6 64. Kxg6 Nxc3 65. Kg5 Ne2 66. Bf3 Nxg3 67. Kf4
Nf1 68. Bb7 Ka7 69. Kxf5 Ne3+ 70. Kg5 Nc4 71. Kxh5 Ne5 72. Kg5 Nf7+ 73. Kf4 Ne5
74. g4 Ng6+ 75. Kg5 Nf8 76. h5 Nh7+ 77. Kg6 Nf8+ 78. Kf7 Nd7 79. h6 Ne5+ 80. Kg7
Nxg4 81. h7 Ne5 82. h8=Q Nd7 83. Qh1 Ne5 84. Qg1+ Kb8 85. Qg3 Ka7 86. Qxe5 Kb6
87. Bf3 Ka7 88. Qb2 Kxa6 89. Bc6 Ka5 90. Qb5# 1-0

[Event "Titled Tue 24th Jun Early"]
[Site "chess.com INT"]
[Date "2025.06.24"]
[Round "6"]
[White "Marchesich, Giovanni"]
[Black "Fernandes, Rogerio Paulo Muller"]
[Result "1-0"]
[WhiteTitle "CM"]
[WhiteElo "2189"]
[BlackElo "2241"]
[WhiteFideId "2824790"]
[BlackFideId "2101599"]
[EventDate "2025.06.24"]

1. d4 Nf6 2. Nc3 c5 3. e3 g6 4. Nf3 Bg7 5. dxc5 Na6 6. Bxa6 bxa6 7. O-O Qc7 8.
e4 Qxc5 9. Be3 Qc7 10. e5 Ng4 11. Nd5 Qc6 12. Bf4 Bb7 13. Nb4 Qe4 14. Nd3 O-O
15. h3 Nh6 16. Bxh6 Bxh6 17. Nc5 Qc6 18. Nxb7 Qxb7 19. b3 Rfd8 20. c4 d6 21. Qe2
Bg7 22. Rad1 dxe5 23. Nxe5 Qc7 24. Nf3 a5 25. Rfe1 e6 26. Ng5 Rxd1 27. Rxd1 Rd8
28. Ne4 h6 29. Rxd8+ Qxd8 30. Qd2 Qc7 31. Qd6 Qb7 32. f3 a4 33. b4 Bf8 34. Nf6+
Kg7 35. Ne8+ Kg8 36. Nf6+ Kg7 37. Qd7 Qxd7 38. Nxd7 Bxb4 39. Kf2 f6 40. Ke3 Kf7
41. Nb8 Bd6 42. Nc6 e5 43. Kd3 Ke6 44. Nxa7 Bc5 45. Nb5 f5 46. Nc3 Bd4 47. Nxa4
Kd6 48. Nc3 Kc5 49. Nd5 Bb2 50. Ne7 e4+ 51. fxe4 fxe4+ 52. Kxe4 Kxc4 53. Nxg6
Bc1 54. Kf5 Kb4 55. g4 Ka3 56. Nh4 Kxa2 57. Kg6 Kb3 58. Nf5 Kc4 59. Nxh6 Kd5 60.
Nf5 Ke6 61. h4 Bb2 62. h5 Kd7 63. Kf7 Kc6 64. g5 Kd5 65. g6 Ke5 66. g7 Kxf5 67.
g8=Q Be5 68. Qg6+ Kf4 69. h6 Ke3 70. h7 Kd4 71. Ke6 Bh8 72. Qe8 Be5 73. Qd7+ Ke4
74. Qa4+ Bd4 75. h8=Q Kd3 76. Qhxd4+ 1-0

[Event "Titled Tue 24th Jun Early"]
[Site "chess.com INT"]
[Date "2025.06.24"]
[Round "6"]
[White "Kovalev, Vladislav"]
[Black "Zhigalko, Sergei"]
[Result "1/2-1/2"]
[WhiteTitle "GM"]
[BlackTitle "GM"]
[WhiteElo "2557"]
[BlackElo "2572"]
[WhiteFideId "13504398"]
[BlackFideId "13502956"]
[EventDate "2025.06.24"]

1. e4 c5 2. Nf3 Nc6 3. Nc3 Nf6 4. d4 cxd4 5. Nxd4 e5 6. Ndb5 d6 7. Bg5 a6 8. Na3
b5 9. Nd5 Be7 10. Bxf6 Bxf6 11. c3 Bg5 12. Nc2 Ne7 13. a4 bxa4 14. Ncb4 O-O 15.
Qxa4 a5 16. Nxe7+ Qxe7 17. Nd5 Qd8 18. Bc4 Kh8 19. O-O f5 20. exf5 Bxf5 21. Bb5
Be6 22. Bc6 Rb8 23. b4 Bxd5 24. Bxd5 axb4 25. cxb4 Qb6 26. Rab1 Rf4 27. g3 Rxb4
28. Rxb4 Qxb4 29. Qxb4 Rxb4 30. Ra1 Rb8 31. h4 Bd2 32. Ra7 g6 33. Kg2 Bb4 34. g4
Rf8 35. f3 Bc5 36. Rd7 Rb8 37. Kh3 Rf8 38. Be4 Be3 39. h5 Rf6 40. Kh4 Kg8 41. h6
Bxh6 42. Rd8+ Kg7 43. Rd7+ Kg8 44. Rd8+ Kg7 45. Rd7+ Kh8 46. Rd8+ Rf8 47. Rxf8+
Bxf8 48. g5 Kg7 49. Kg4 Be7 50. Bd5 Bd8 51. Be4 Ba5 52. Bd5 Bd2 53. Be4 Kf7 54.
Bd5+ Kf8 55. Be4 Be3 56. Bd5 h6 57. gxh6 Bxh6 58. Be4 Kg7 59. Bd5 Kf6 60. Bc4
Bf4 61. Bd5 Ke7 62. Be4 Kf6 63. Bd5 g5 64. Bc4 Be3 65. Bd5 Bd2 66. Bc4 Bc1 67.
Bd5 Ke7 68. Kf5 Kd7 69. Ke4 Kc7 70. Bf7 Kb6 71. Be6 Kc5 72. Bd5 Bf4 73. Be6 Kb4
74. Bd5 Kc3 75. Be6 Kd2 76. Bd5 Ke2 77. Be6 Kf2 78. Bd5 Kg3 79. Be6 Bd2 80. Bd5
Bb4 81. Be6 Bc5 82. Bd5 g4 83. fxg4 Kxg4 84. Bc6 Kg5 85. Bd5 Kf6 86. Bc4 Bb6 87.
Bd5 Bc5 88. Bc4 Bb6 89. Bd5 Bc5 1/2-1/2

[Event "Titled Tue 24th Jun Early"]
[Site "chess.com INT"]
[Date "2025.06.24"]
[Round "6"]
[White "Llari, Marc"]
[Black "Birkisson, Bjorn Holm"]
[Result "0-1"]
[WhiteTitle "FM"]
[BlackTitle "CM"]
[WhiteElo "2334"]
[BlackElo "2128"]
[WhiteFideId "651044269"]
[BlackFideId "2310600"]
[EventDate "2025.06.24"]

1. Nf3 d5 2. g3 b6 3. Bg2 Bb7 4. O-O e6 5. d3 Nf6 6. Re1 Nbd7 7. Nbd2 Be7 8. e4
dxe4 9. dxe4 O-O 10. e5 Ne8 11. b3 f6 12. Bb2 f5 13. Nf1 c5 14. Qd2 Qc7 15. Rad1
Rd8 16. Qf4 h6 17. h4 Qc8 18. h5 Nc7 19. c4 Nb8 20. Ne3 Rxd1 21. Rxd1 Rd8 22.
Nh4 Rxd1+ 23. Nxd1 Bxg2 24. Kxg2 Qb7+ 25. Qf3 Qxf3+ 26. Nxf3 Kf7 27. Kf1 Nc6 28.
Ke2 Na6 29. a3 Bd8 30. Ne3 Bc7 31. Ng2 Nab8 32. Nf4 Nd7 33. Ng6 Ne7 34. Nfh4 Nc6
35. f4 Na5 36. Bc3 Nxb3 37. Nh8+ Kg8 38. N8g6 Bd8 39. Nf3 Nb8 40. Kd3 Nc6 41.
Kc2 Nba5 42. Nd2 Kf7 43. Nh8+ Ke8 44. Ng6 Nb7 45. Kd3 Nb8 46. Kc2 Nd7 47. Kb3
Nf8 48. Ka4 Nxg6 49. hxg6 a6 50. Nf1 Bc7 51. Ne3 Nd8 52. Kb3 Nc6 53. Kc2 Ne7 54.
a4 Nxg6 55. Kd3 Ne7 56. Nc2 Nc6 57. Ke2 g5 58. Kf3 g4+ 59. Kf2 h5 60. Kg2 Bd8
61. Kf2 h4 62. Kg2 Kd7 63. Kh2 Na7 64. Na3 Kc6 65. Be1 hxg3+ 66. Kxg3 b5 67.
cxb5+ axb5 68. axb5+ Nxb5 69. Nc4 Nd4 70. Nd6 Ne2+ 71. Kf2 Nxf4 72. Bd2 Nd3+ 73.
Kg3 Nxe5 74. Ne8 Kd5 75. Ng7 c4 76. Nh5 Bb6 77. Nf4+ Kd6 78. Bb4+ Bc5 79. Bc3
Nd7 80. Nh5 e5 81. Ng7 f4+ 82. Kxg4 Kd5 83. Kf3 Bd4 84. Bd2 c3 85. Bc1 Kc4 86.
Ke4 Nc5+ 87. Kf3 Nb3 88. Ba3 c2 89. Nf5 c1=Q 90. Bxc1 Nxc1 91. Nd6+ Kd5 92. Nf5
Nd3 93. Ne7+ Ke6 94. Ng6 Nc5 95. Nxf4+ exf4 96. Kxf4 Be5+ 97. Ke3 Kd5 98. Kf3
Ne4 99. Ke3 Bc7 100. Kd3 Ba5 101. Ke3 Bb6+ 102. Kd3 Bc5 103. Ke2 Kd4 104. Kf3
Ke5 105. Ke2 Nf2 106. Kf3 Kf5 107. Kg2 Kf4 108. Kh2 Kf3 109. Kg1 Bd6 110. Kf1
Bh2 111. Ke1 Ne4 112. Kd1 Ke3 113. Kc2 Nd2 114. Kc3 Bd6 115. Kb2 Kd3 116. Kc1
Ba3+ 117. Kd1 Bd6 118. Ke1 Bg3+ 119. Kd1 Nc4 120. Kc1 Bh4 121. Kb1 Kc3 122. Ka2
Bd8 123. Kb1 Nb2 124. Kc1 Bg5+ 125. Kb1 Kb3 126. Ka1 Nc4 127. Kb1 Na3+ 128. Ka1
Bf6# 0-1